LEADER 04473nam 2200625 450 001 9910141605403321 005 20170817203741.0 010 $a1-119-20461-5 010 $a1-118-53883-8 035 $a(CKB)2670000000336585 035 $a(EBL)1120261 035 $a(OCoLC)829461657 035 $a(SSID)ssj0000831863 035 $a(PQKBManifestationID)12316354 035 $a(PQKBTitleCode)TC0000831863 035 $a(PQKBWorkID)10881377 035 $a(PQKB)11341353 035 $a(MiAaPQ)EBC1120261 035 $a(EXLCZ)992670000000336585 100 $a20160409h20082008 uy 0 101 0 $aeng 135 $aur|n|---||||| 181 $ctxt 182 $cc 183 $acr 200 10$aBig money, less risk $etrade options /$fMark Larson 210 1$aHoboken, New Jersey :$cWiley,$d2008. 210 4$dİ2008 215 $a1 online resource (290 p.) 225 1 $aWiley trading series 300 $aDescription based upon print version of record. 311 $a1-59280-341-5 327 $a""Cover""; ""Contents""; ""Title""; ""Copyright""; ""Foreword""; ""Preface""; ""Acknowledgement""; ""Introduction""; ""Chapter One: Pointing the Way with Technical Indicators""; ""Support and Resistance Levels""; ""Moving Averages""; ""Multiple Moving Averages""; ""The a???Do Ita??? Indicator""; ""Fibonacci Retracements""; ""Average True Range Indicator (ATR)""; ""Inertia Indicator""; ""Adding It All Up""; ""Volatility Indexes""; ""Chapter Two: An Introduction to Options""; ""Option Basics""; ""In-the-Money Call Options""; ""At-the-Money Call Options""; ""Out-of-the-money Call Options"" 327 $a""In-the-money Put Options""""At-the-money Put Options""; ""Out-of-the-money Put Options""; ""Put Option Potential- A Sneak Peek""; ""Chapter Three: Ita???s All Greek To You: Understanding Delta, Gamma, and Theta""; ""Delta""; ""Theta""; ""Gamma""; ""Probability of Expiring""; ""Chapter Four: Making the Call: Buying Call Options""; ""Think Real Estate""; ""The Power of Buying Calls""; ""The Keys to Successful Call Option Trades""; ""Probability of Expiring- Buying Call Options""; ""Huge Rates of Return Are Possible""; ""Buying Calls is for Bulls"" 327 $a""Chapter Five: You Have It Covered: Covered Calls""""Covered Call a???What Ifa??? Scenarios""; ""Covered Call Chart Examples""; ""Guidelines to Writing Covered Calls""; ""Chapter Six: Put It Down: Buying Put Options""; ""Puts for Profit""; ""Chapter Seven: Passing It On: Selling Puts""; ""Selling a Naked Put Option""; ""Naked Put Trade Example""; ""Chapter Eight: Spreading the Wealth: Vertical Bull Put Spreads""; ""Incometrader Report: Vertical Bull Put Spread""; ""Bull Put Spread Trade- Specific Examples""; ""Exiting Vertical Put Spreads"" 327 $a""Chapter Nine: Whata???s the Spread: Vertical Bear Call Spreads""""Reviewing the Chart""; ""Close the Option You Sold""; ""Examine the Risk/Reward for Each Trade""; ""Keep Looking for Profitable Trades""; ""Chapter Ten: Taking Flight with Iron Condors""; ""A Look at the Russell 2000""; ""Advanced Example""; ""Legging In""; ""A Conservative Strategy with Huge Potential""; ""Conclusion""; ""Appendix A: Advanced Order Feature on thinkorswim.com""; ""Appendix B: Protect Your Assets""; ""Glossary""; ""Recommended Reading"" 330 $a Big Money, Less Risk: Trade Options will put the income boosting power of strategies like writing covered calls, selling naked put options, and placing vertical spread trades or iron condors in your hands. Mark Larson has become one of the most sought after trading educators because of his ability to make once elusive investment approaches accessible to every trader. Success in the stock market is determined by consistently making money every month, not closing your eyes and hoping you can afford to retire. With this book, Larson divulges the secrets to making your money work for you instea 410 0$aWiley trading series. 606 $aStock options 606 $aOptions (Finance) 606 $aInvestment analysis 608 $aElectronic books. 615 0$aStock options. 615 0$aOptions (Finance) 615 0$aInvestment analysis. 676 $a332.63/2283 676 $a332.632283 700 $aLarson$b Mark$0902257 801 0$bMiAaPQ 801 1$bMiAaPQ 801 2$bMiAaPQ 906 $aBOOK 912 $a9910141605403321 996 $aBig money, less risk$92244943 997 $aUNINA LEADER 05206nam 22007335 450 001 9910298410903321 005 20200629170645.0 010 $a3-319-92958-5 024 7 $a10.1007/978-3-319-92958-3 035 $a(CKB)4100000005323238 035 $a(DE-He213)978-3-319-92958-3 035 $a(MiAaPQ)EBC5479065 035 $a(PPN)229505902 035 $a(EXLCZ)994100000005323238 100 $a20180728d2018 u| 0 101 0 $aeng 135 $aurnn|008mamaa 181 $ctxt$2rdacontent 182 $cc$2rdamedia 183 $acr$2rdacarrier 200 10$aEngineering Nitrogen Utilization in Crop Plants /$fedited by Ashok Shrawat, Adel Zayed, David A. Lightfoot 205 $a1st ed. 2018. 210 1$aCham :$cSpringer International Publishing :$cImprint: Springer,$d2018. 215 $a1 online resource (XII, 273 p. 41 illus., 25 illus. in color.) 311 $a3-319-92957-7 327 $aDeveloping Crop Varieties with Improved Nutrient Use Efficiency -- Part I. Molecular and Physiological Aspects of Nutrient Use Efficiency -- Improving Nitrogen Use Efficient in Crop Plants Using Biotechnology Approaches -- Transcription Factor-Based Genetic Engineering to Increase Nitrogen Use Efficiency -- Modeling Plant Metabolism: Advancements and Future Capabilities -- Molecular Targets for Improvement of Crop Nitrogen Use Efficiency: Current and Emerging Options -- From Arabidopsis to Crops: The Arabidopsis QQS Orphan Gene Modulates Carbon and Nitrogen Allocation Across Species -- Part 2. Nutrients as a Key Driver of Nutrient Use Efficiency -- Tackling Nitrogen Use Efficiency in Cereal Crops Using High-Throughput Phenotyping -- Nitrogen Partitioning and Remobilization in Arabidopsis Under Sufficient and Depleted Conditions -- Field Testing for Improved Nitrogen Use Efficiency of Corn--From Whole-Plant Physiology to Agroecosystem Scales -- Legume Nitrogen Utilization Under Drought Stress -- Exploiting Genetic Variability of Root Morphology As a Lever to Improve Nitrogen use Efficiency in Oilseed Rape -- Genetic Improvement of Nitrogen use Efficiency in Oilseed Rape -- The Importance of Organic Nitrogen Transport Processes for Plant Productivity and Nitrogen use Efficiency -- New Screening Strategies for di-nitrogen Fixation in Soybean. 330 $aThis book discusses and addresses the rapidly increasing world population demand for food, which is expected to double by 2050. To meet these demands farmers will need to improve crop productivity, which relies heavily on nitrogen (N) fertilization. Production of N fertilizers, however, consumes huge amounts of energy and the loss of excess N fertilizers to leaching results in the pollution of waterways and oceans. Therefore, increasing plant nitrogen use efficiency (NUE) is essential to help farmers produce more while conserving the environment. This book assembles some of the best work of top researchers from academic and industrial institutions in the area of NUE and provides valuable insight to scholars and researchers by its comprehensive discussion of current and future strategies to improve NUE through genetic manipulation. This book should also be highly valuable to policy makers, environmentalists, farmers, biotechnology executives, and to the hard-core researchers working in the lab. 606 $aPlants$vClassification 606 $aPlants$vClassification 606 $aPlant genetics 606 $aPlant physiology 606 $aPlant anatomy 606 $aPlants$xDevelopment 606 $aPlant diseases 606 $aPlant breeding 606 $aPlant Systematics/Taxonomy/Biogeography$3https://scigraph.springernature.com/ontologies/product-market-codes/L24051 606 $aPlant Genetics and Genomics$3https://scigraph.springernature.com/ontologies/product-market-codes/L32020 606 $aPlant Physiology$3https://scigraph.springernature.com/ontologies/product-market-codes/L33020 606 $aPlant Anatomy/Development$3https://scigraph.springernature.com/ontologies/product-market-codes/L24019 606 $aPlant Pathology$3https://scigraph.springernature.com/ontologies/product-market-codes/L24035 606 $aPlant Breeding/Biotechnology$3https://scigraph.springernature.com/ontologies/product-market-codes/L24060 615 0$aPlants 615 0$aPlants 615 0$aPlant genetics. 615 0$aPlant physiology. 615 0$aPlant anatomy. 615 0$aPlants$xDevelopment. 615 0$aPlant diseases. 615 0$aPlant breeding. 615 14$aPlant Systematics/Taxonomy/Biogeography. 615 24$aPlant Genetics and Genomics. 615 24$aPlant Physiology. 615 24$aPlant Anatomy/Development. 615 24$aPlant Pathology. 615 24$aPlant Breeding/Biotechnology. 676 $a578.012 676 $a578.09 702 $aShrawat$b Ashok$4edt$4http://id.loc.gov/vocabulary/relators/edt 702 $aZayed$b Adel$4edt$4http://id.loc.gov/vocabulary/relators/edt 702 $aLightfoot$b David A$4edt$4http://id.loc.gov/vocabulary/relators/edt 906 $aBOOK 912 $a9910298410903321 996 $aEngineering Nitrogen Utilization in Crop Plants$92533188 997 $aUNINA